000 00701nam a2200265Ia 4500
005 20260302113925.0
008 008 260114s9999 xx 000 0 eng d
020 _a9798881812249
037 _aTextbook
040 _aCRL
040 _beng
040 _cCRL
041 _2eng
041 _aeng
084 _qCRL
100 _aStephen W. Sawyer & Daniel Steinmetz-Jenkins
_91117226
245 0 _aFoucault, Neoliberalism, and Beyond
260 _bBloomsbury
260 _bRowman & Littlefield
260 _c2019
650 _aPolitics
856 _uhttps://doi.org/10.5040/9798881812249?locatt=label:secondary_bloomsburyCollections
942 _cEBOOK
999 _c1680719
_d1680719